Skoki narciarskie - Klasyfikacja indywidualna sezon 2020/21 - Statystyki

Ogólne statystyki
  • Ten quiz został rozwiązany 194 razy
  • Średni wynik to 50 z 78
Statystyki odpowiedzi
Miejsce Narodowość Zawodnik % Poprawnych
8. Polska Dawid Kubacki
99%
3. Polska Kamil Stoch
99%
7. Polska Piotr Żyła
98%
1. Norwegia Halvor Egner Granerud
97%
6. Niemcy Karl Geiger
95%
4. Japonia Ryoyu Kobayashi
95%
33. Japonia Junshiro Kobayashi
94%
22. Słowenia Domen Prevc
93%
9. Słowenia Anze Lanisek
92%
38. Słowenia Cene Prevc
92%
2. Niemcy Markus Eisenbichler
92%
23. Słowenia Peter Prevc
92%
58. Polska Maciej Kot
90%
19. Norwegia Johann Andre Forfang
89%
5. Norwegia Robert Johansson
89%
16. Polska Andrzej Stękała
88%
14. Norwegia Daniel Andre Tande
87%
20. Japonia Keiichi Sato
87%
17. Austria Stefan Kraft
87%
11. Japonia Yukiya Sato
87%
40. Polska Aleksander Zniszczoł
86%
10. Norwegia Marius Lindvik
84%
41. Szwajcaria Simon Ammann
84%
27. Polska Jakub Wolny
83%
45. Polska Paweł Wąsek
83%
37. Finlandia Antti Aalto
82%
35. Rosja Evgenii Klimov
82%
26. Szwajcaria Gregor Deschwanden
82%
46. Słowenia Timi Zajc
81%
43. Estonia Artti Aigro
80%
18. Austria Michael Hayboeck
79%
74. Polska Stefan Hula
77%
12. Austria Daniel Huber
75%
56. Bułgaria Vladimir Zografski
74%
31. Polska Klemens Murańka
73%
32. Kanada Mackenzie Boyd-Clowes
73%
39. Austria Jan Hoerl
72%
76. Włochy Alex Insam
71%
Włochy Giovanni Bresadola
70%
15. Niemcy Pius Paschke
70%
49. Austria Manuel Fettner
68%
Polska Tomasz Pilch
67%
50. Finlandia Nyko Kytosaho
66%
30. Niemcy Constantin Schmid
65%
62. Słowenia Lovro Kos
63%
34. Japonia Naoki Nakamura
62%
13. Słowenia Bor Pavlovcic
61%
21. Austria Philipp Aschenwald
61%
25. Słowenia Ziga Jelar
60%
55. Japonia Daiki Ito
59%
Austria Daniel Tschofenig
57%
54. Szwajcaria Dominik Peter
55%
29. Niemcy Severin Freund
55%
Niemcy Richard Freitag
50%
69. Czechy Viktor Polasek
49%
Czechy Cestmir Kozisek
48%
Kanada Matthew Soukup
48%
71. Stany Zjednoczone Casey Larson
46%
47. Słowenia Tilen Bartol
45%
Rosja Roman Trofimov
44%
28. Rosja Mikhail Nazarow
42%
65. Austria Gregor Schlierenzauer
40%
51. Słowenia Anze Semenic
39%
53. Austria Clemens Leitner
38%
67. Rosja Danil Sadreev
35%
Finlandia Jarkko Maatta
35%
24. Niemcy Martin Hamann
35%
68. Rosja Denis Kornilov
32%
36. Austria Thomas Lackner
29%
60. Norwegia Thomas Aasen Markeng
25%
48. Norwegia Anders Haare
23%
Norwegia Sander Vossan Eriksen
23%
64. Austria Timon-Pascal Kahofer
23%
Austria Ulrich Wohlgenannt
23%
42. Austria Markus Schiffner
21%
63. Austria David Haagen
15%
Austria Maximilian Steiner
14%
Słowenia Jernej Prescenik
1%
Nie znaleziono quizów pasujących do podanych kryteriów
Rozkład punktacji
Procent ludzi z każdym wynikiem
Percentyl według liczby udzielonych odpowiedzi
Twoja historia wyników
Nie rozwiązałeś tego quizu